[Event "ch-IND National A"]
[Site "Mumbai IND"]
[Date "2009.12.05"]
[Round "5"]
[White "Koshy,V"]
[Black "Babu,NS"]
[Result "1/2-1/2"]
[WhiteElo "2280"]
[BlackElo "2335"]

1.c4 e6 2.g3 d5 3.Bg2 Nf6 4.Nf3 Be7 5.d4 O-O 6.O-O c6 7.Nbd2 b6 8.Qc2 Bb7
9.e4 Nbd7 10.b3 Rc8 11.Bb2 Qc7 12.Rac1 dxe4 13.Nxe4 c5 14.Nxf6+ Bxf6 15.dxc5 Qxc5
16.Bxf6 Nxf6 17.Qe2 Rfd8 18.Rcd1 Qc7 19.Ne5 Bxg2 20.Kxg2 h6 21.f4 Rxd1 22.Rxd1 Rd8
23.h3 Kf8 24.Rxd8+ Qxd8 25.Qd3 Qxd3 26.Nxd3 Nd7 27.Kf3 f6 28.Ke4 Ke7 29.Kd4 Kd6
30.h4 h5  1/2-1/2

[Event "London Classic FIDE Open"]
[Site "London ENG"]
[Date "2009.12.12"]
[Round "6"]
[White "Maduekwe,C"]
[Black "Owen,D"]
[Result "1/2-1/2"]
[WhiteElo "2182"]
[BlackElo "2055"]

1.d4 d5 2.c4 e6 3.Nf3 Nf6 4.g3 Be7 5.Bg2 Nbd7 6.O-O c6 7.Qc2 O-O 8.Rd1 Ne4
9.Nc3 f5 10.Ne5 Nxe5 11.dxe5 Nxc3 12.Qxc3 Qb6 13.Be3 Qd8 14.b4 Kh8 15.b5 Bd7
16.Rac1 Qe8 17.bxc6 bxc6 18.Qa5 Bd8 19.Qa3 Bb6 20.Bc5 Bxc5 21.Qxc5 Qb8 22.Qe7 Qd8
23.Qd6 Rc8 24.e3 Re8 25.Rb1 Rc7 26.Rdc1 Bc8 27.cxd5 exd5 28.Rxc6 Rd7 29.Qc5 Bb7
30.Rd6 Qe7 31.Qd4 Rc7 32.f4 Rec8 33.h4 Qf7 34.Qxa7 Qh5 35.Rxb7 Rc2 36.Rc7 Rxg2+
37.Kxg2 Qe2+ 38.Kg1  1/2-1/2

[Event "16th Open A"]
[Site "Zadar CRO"]
[Date "2009.12.13"]
[Round "1"]
[White "Blagojevic,Dr"]
[Black "Kreisl,R"]
[Result "1/2-1/2"]
[WhiteElo "2557"]
[BlackElo "2380"]

1.d4 d5 2.c4 e6 3.Nf3 Nf6 4.g3 Be7 5.Bg2 O-O 6.O-O dxc4 7.Qc2 a6 8.a4 Bd7
9.Rd1 Bc6 10.Nc3 Bxf3 11.Bxf3 Nc6 12.Bxc6 bxc6 13.Bg5 Rb8 14.e3 a5 15.Bxf6 Bxf6
16.Rab1 Qd6 17.Rdc1 Be7 18.Ne4 Qd5 19.Nd2 c3 20.bxc3 c5 21.dxc5 Qxc5 22.Nb3 Qc4
23.Nxa5 Qa6 24.Nb3 Qxa4 25.Nd4 Qc4 26.Ra1 Ra8 27.Rxa8 Rxa8 28.Qe4 Ra3 29.Qb7 Rxc3
30.Rxc3 Qxc3 31.Nc6 Bf8 32.Qxc7 Qc1+ 33.Kg2 Qc5 34.Qd7 Qd6 35.Qxd6 Bxd6 36.g4 g5
37.h3 Kg7 38.Kf3 Kg6 39.Nd4 h5 40.Ke4 Bc7 41.f3 Bd6 42.Nc6 hxg4 43.hxg4 Bc7
44.Kd3 f5 45.e4 Kf6 46.Kc4 fxg4 47.fxg4 Bb6 48.Kb5 Be3 49.Ka6 Kf7 50.Kb7 Ke8
51.Kc7 Bc5 52.Ne5 Ke7 53.Nf3 Be3 54.Kc6 Bc1 55.Ne1 Bd2 56.Nd3 Be3 57.Ne5 Bf4
58.Nc4 Bg3 59.Nb6 Bf4 60.Nd7 Bg3 61.Nb6 Bf4 62.Nc4  1/2-1/2

[Event "16th Open B"]
[Site "Zadar CRO"]
[Date "2009.12.13"]
[Round "1"]
[White "Djurovic,G"]
[Black "Petrusic,T"]
[Result "1-0"]
[WhiteElo "2294"]
[BlackElo "2044"]

1.c4 e6 2.g3 d5 3.Nf3 Nf6 4.Bg2 Be7 5.d4 O-O 6.Qc2 Nbd7 7.O-O c6 8.Nbd2 b6
9.e4 dxe4 10.Nxe4 Nxe4 11.Qxe4 Bb7 12.Ne5 Nxe5 13.dxe5 Bc5 14.Be3 Qe7 15.Rfd1 Rfd8
16.Bxc5 Qxc5 17.Qh4 Qf8 18.a3 a5 19.Rd4 Rxd4 20.Qxd4 c5 21.Qd7 Bxg2 22.Kxg2 Rd8
23.Qc6 Rd2 24.Qxb6 Qa8+ 25.Kg1 h5 26.h4 Qf3 27.Qxc5 g5 28.hxg5 Rxb2 29.Rc1 Re2
30.Qd4 h4 31.Qf4 Rxf2 32.Qxf3 Rxf3 33.gxh4 Rxa3 34.c5 Rb3 35.Rc4 Kf8 36.Kf2 Ke7
37.c6 Kd8 38.c7+ Kc8 39.Rf4 Rb2+ 40.Ke3 Rb1 41.Rxf7 Rg1 42.h5 Rxg5 43.h6 Rxe5+
44.Kd4 Rd5+ 45.Kc4 Rh5 46.h7 Rh4+ 47.Kb5  1-0

[Event "Tch-SLO League"]
[Site "Rogaska Slatina SLO"]
[Date "2009.12.14"]
[Round "6"]
[White "Cvitan,O"]
[Black "Ribli,Z"]
[Result "1/2-1/2"]
[WhiteElo "2533"]
[BlackElo "2559"]

1.d4 Nf6 2.Nf3 d5 3.c4 e6 4.g3 Be7 5.Bg2 O-O 6.O-O dxc4 7.Qc2 a6 8.a4 Bd7
9.Ne5 Bc6 10.Nxc6 Nxc6 11.e3 Na5 12.Nd2 c5 13.dxc5 Rc8 14.b4 cxb3 15.Nxb3 Nxb3
16.Qxb3  1/2-1/2

[Event "Tch-SLO League"]
[Site "Rogaska Slatina SLO"]
[Date "2009.12.16"]
[Round "9"]
[White "Kozul,Z"]
[Black "Cvitan,O"]
[Result "1/2-1/2"]
[WhiteElo "2604"]
[BlackElo "2533"]

1.d4 Nf6 2.c4 e6 3.Nf3 d5 4.g3 Be7 5.Bg2 O-O 6.O-O dxc4 7.Qc2 a6 8.a4 Bd7
9.Qxc4 Bc6 10.Bg5 Bd5 11.Qc2  1/2-1/2

[Event "9th Amplico Life Rapid"]
[Site "Warsaw POL"]
[Date "2009.12.19"]
[Round "2"]
[White "Urban,K"]
[Black "Baumann,D"]
[Result "1-0"]
[WhiteElo "2478"]
[BlackElo "2085"]

1.d4 Nf6 2.c4 e6 3.g3 d5 4.Nf3 Be7 5.Bg2 O-O 6.O-O dxc4 7.Qc2 a6 8.a4 Bd7
9.Rd1 Bc6 10.Nc3 Bb4 11.Bg5 Bxc3 12.Bxf6 Qxf6 13.bxc3 b5 14.Rdb1 Qf5 15.Qxf5 exf5
16.axb5 axb5 17.Rxa8 Bxa8 18.Rxb5 g6 19.Ne5 Bxg2 20.Kxg2 f6 21.Nxc4 Nd7 22.Rb7 Rc8
23.Ne3 Nb6 24.c4 Kf7 25.c5 Na8 26.Nc2 h5 27.Kf3 Ke6 28.Nb4 c6 29.e3 g5 30.Ra7 g4+
31.Kg2 Nc7 32.Nxc6 Nd5 33.Ra6 Kf7 34.h4 Nc3 35.Kf1 Re8 36.Ra3 Nd5 37.Ra7+ Ke6
38.Ra6 Kd7 39.Na5 Kc7 40.Rd6 Nc3 41.Rxf6 Ra8 42.Rf7+ Kb8 43.Rf8+ Ka7 44.Nc6+ Kb7  1-0

[Event "9th Amplico Life Rapid"]
[Site "Warsaw POL"]
[Date "2009.12.19"]
[Round "2"]
[White "Miton,K"]
[Black "Adamowicz,K"]
[Result "1-0"]
[WhiteElo "2586"]
[BlackElo "2131"]

1.d4 d5 2.c4 e6 3.Nf3 Nf6 4.g3 Be7 5.Bg2 c6 6.O-O Nbd7 7.Nc3 O-O 8.b3 b6
9.Qd3 Bb7 10.Rd1 Rc8 11.e4 dxe4 12.Nxe4 c5 13.Nc3 cxd4 14.Nxd4 Nc5 15.Qe2 Bxg2
16.Kxg2 Qc7 17.Qf3 a6 18.Be3 Rfd8 19.Rd2 e5 20.Nf5 e4 21.Qe2 Rxd2 22.Bxd2 Qe5
23.Nxe7+ Qxe7 24.Re1 Qb7 25.Bg5 e3+ 26.f3 Ng4 27.Nd5 f6 28.Bxe3 Nxe3+ 29.Qxe3 Rd8
30.b4 Na4 31.Qe6+ Kf8 32.Ne7 Rd2+ 33.Kg1 Qb8 34.Qg8+  1-0

[Event "9th Amplico Life Rapid"]
[Site "Warsaw POL"]
[Date "2009.12.19"]
[Round "8"]
[White "Dolgova,O"]
[Black "Repkova,E"]
[Result "1-0"]
[WhiteElo "2226"]
[BlackElo "2434"]

1.d4 d5 2.c4 e6 3.Nf3 Nf6 4.g3 Be7 5.Bg2 O-O 6.O-O dxc4 7.Ne5 Nc6 8.Nxc6 bxc6
9.Nc3 Nd5 10.Ne4 Rb8 11.a3 Ba6 12.Qc2 Bb5 13.Rd1 Qc8 14.Ng5 g6 15.e4 Nb6
16.Qc3 Ba4 17.Re1 Bb3 18.h4 Bf6 19.e5 Bg7 20.Ne4 Nd5 21.Qf3 Bc2 22.Nf6+ Bxf6
23.exf6 Rb3 24.Re3 Nxe3 25.Bxe3 e5 26.Qxc6 exd4 27.Bxd4 Qe6 28.Qc5 Rd3 29.Bc3 Rxc3
30.bxc3 Qxf6 31.Qxc4 Re8 32.Rc1 Qf5 33.Qxc7 a5 34.Qc4 Bd3 35.Qd4 h5 36.c4 Kh7
37.c5 Rc8 38.c6 Bc2 39.Qd7 a4 40.Rxc2 Qxc2 41.Qxc8 Qc1+ 42.Bf1 Qxa3 43.Qb7 Qc5
44.Qxf7+ Kh6 45.Qf4+ Kg7 46.Qxa4  1-0

[Event "26th Open"]
[Site "Boeblingen GER"]
[Date "2009.12.26"]
[Round "1"]
[White "Hirneise,T"]
[Black "Begri,R"]
[Result "1-0"]
[WhiteElo "2421"]
[BlackElo "2064"]

1.d4 Nf6 2.c4 e6 3.g3 d5 4.Nf3 Be7 5.Bg2 O-O 6.O-O dxc4 7.Qc2 a6 8.a4 c5
9.Qxc4 Nbd7 10.Qc2 cxd4 11.Nxd4 Nb6 12.Rd1 Nbd5 13.e4 Nb4 14.Qb3 Qc7 15.Bd2 a5
16.Na3 e5 17.Rac1 Nc6 18.Ndb5 Qb8 19.Nc4 Bg4 20.f3 Be6 21.Qe3 Rd8 22.Bf1 Nd4
23.Nxd4 Bc5 24.Qf2 Qa7 25.Be3 exd4 26.Bd2 Rac8 27.Nxa5 Bb6 28.Qe1 d3+ 29.Kg2 Rc2
30.b4 Bxa5 31.bxa5 Bb3 32.Qf2 Qxf2+ 33.Kxf2 Bxa4 34.Ke3 Rxc1 35.Rxc1 Bc2
36.Ra1 g5 37.Ra3 g4 38.f4 Re8 39.e5 Nd7 40.Bxd3 Bxd3 41.Rxd3  1-0

[Event "59th ch-RUS w"]
[Site "Moscow RUS"]
[Date "2009.12.26"]
[Round "6"]
[White "Galliamova,A"]
[Black "Kosintseva,N"]
[Result "1/2-1/2"]
[WhiteElo "2460"]
[BlackElo "2518"]

1.d4 Nf6 2.c4 e6 3.g3 d5 4.Bg2 Be7 5.Nf3 O-O 6.O-O dxc4 7.Qc2 a6 8.a4 Bd7
9.Rd1 Bc6 10.Nc3 Bxf3 11.Bxf3 Nc6 12.Bxc6 bxc6 13.a5 Nd5 14.Ne4 Nb4 15.Qc3 Qd5
16.Nd2 c5 17.Nxc4 cxd4 18.Rxd4 Qh5 19.Re4 Qd5 20.Rg4 f6 21.Ne3 Qb5 22.Qxc7 Rfe8
23.Qc4 Qxc4 24.Rxc4 Red8 25.Kg2 Rab8 26.Ra4 Kf7 27.Kf3 Rb5 28.Nc2 Nxc2 29.Rxc2 e5
30.Bd2 Rdb8 31.Bc3 Rc8 32.Rd2 Ke6 33.g4 g6 34.e4 Bd6 35.Ke2 Rc6 36.Rd3 Rb3
37.Rh3 Rc7 38.Rd3 Rb5 39.Kd2 Rc8 40.Rh3 Rc7 41.Kd3 Rd7 42.Rc4 Bb4+ 43.Kc2 Bxc3
44.Kxc3 Rxa5 45.Rc6+ Rd6 46.Rxd6+ Kxd6 47.Rxh7 Rc5+ 48.Kd3 g5 49.h4 gxh4
50.Rxh4 a5 51.g5 fxg5 52.Rh6+ Ke7 53.Rg6 Rc1 54.Rxg5 Kf6 55.f4 exf4 56.Rf5+ Ke6
57.Rxf4 a4 58.Rf8 Rc7 59.Ra8 Rb7 60.Kc3 Rb3+ 61.Kc2 Rb4 62.Re8+ Kd7 63.Re5 Kd6
64.Rd5+ Ke6 65.Rd8 Ke7 66.Rd2 Rxe4 67.Kc3 Ke6 68.Rd1 Re3+ 69.Kc2 Re4 70.Kb1 a3
71.bxa3 Re5 72.Kb2 Rd5 73.Rh1 Kd7 74.Kb3 Kc7 75.Kc4 Rg5 76.a4 Kb6 77.Rb1+ Ka6  1/2-1/2

[Event "39th Rilton Cup"]
[Site "Stockholm SWE"]
[Date "2009.12.27"]
[Round "1"]
[White "Berczes,D"]
[Black "Kiuttu,R"]
[Result "1-0"]
[WhiteElo "2512"]
[BlackElo "2194"]

1.d4 d5 2.c4 e6 3.Nf3 Nf6 4.g3 Be7 5.Bg2 O-O 6.O-O dxc4 7.Qc2 a6 8.a4 Bd7
9.Rd1 Bc6 10.Nc3 Nbd7 11.e4 b5 12.d5 exd5 13.e5 Ne4 14.Nxd5 Bxd5 15.Rxd5 Nec5
16.axb5 Qc8 17.Nd4 Re8 18.Nc6 Bf8 19.Be3 axb5 20.Rxa8 Qxa8 21.Rxd7 Nxd7 22.Ne7+ Bxe7
23.Bxa8 Rxa8 24.Qe4 Ra1+ 25.Kg2 Rd1 26.Qc6 Bf8 27.Qxb5 c6 28.Qa4 Rd3 29.Qxc6 Nxe5
30.Qe4 f6 31.Bf4 Kh8 32.Bxe5 fxe5 33.Qxc4 Rd4 34.Qe6 e4 35.Qf7 Rd8 36.Qb7 Rd4
37.Qc8 Kg8 38.Qe6+ Kh8 39.Qf7 Rd8 40.Qf4 Re8 41.b3 h6 42.Qf7 Rb8 43.Qd5 Rb4
44.h4 Rb8 45.Qxe4 Rxb3 46.Qe8  1-0

[Event "11th Christmas Open"]
[Site "Litomysl CZE"]
[Date "2009.12.28"]
[Round "3"]
[White "Jedlicka,A"]
[Black "Pilch,R"]
[Result "1/2-1/2"]
[WhiteElo "2320"]
[BlackElo "2170"]

1.d4 Nf6 2.c4 e6 3.g3 d5 4.Bg2 Be7 5.Nf3 O-O 6.O-O Nbd7 7.Qc2 c6 8.b3 b6
9.Rd1 Ba6 10.a4 Rc8 11.a5 b5 12.c5 Ne4 13.Nfd2 f5 14.Nxe4 dxe4 15.f3 exf3
16.exf3 Nf6 17.Qe2 Qd7 18.Bb2 Rce8 19.Nd2 Nd5 20.f4 Bf6 21.Nf3 Qc7 22.Re1 Bc8
23.Qd2 a6 24.Ne5 Bxe5 25.Rxe5 Qf7 26.Rae1 Qh5 27.Qf2 Qf7 28.Bc1 Bd7 29.Bf3 g6
30.Kg2 Kg7 31.Bd2 Qf6 32.Rf1 h5 33.h3 Rh8 34.Qe2 Ref8 35.Kh2 Re8 36.Bxd5 exd5
37.Re1 Kf7 38.Qf3 Kg7 39.Rxe8 Rxe8 40.Re5 Kf7 41.Qe2 Be6 42.Kg2 Rh8  1/2-1/2

[Event "39th Rilton Cup"]
[Site "Stockholm SWE"]
[Date "2009.12.28"]
[Round "2"]
[White "Molchanova,T"]
[Black "Koskela,N"]
[Result "1-0"]
[WhiteElo "2368"]
[BlackElo "2189"]

1.Nf3 Nf6 2.d4 e6 3.g3 d5 4.Bg2 Be7 5.c4 O-O 6.O-O dxc4 7.Qc2 a6 8.a4 Bd7
9.Ne5 Bc6 10.Nxc6 Nxc6 11.e3 Na5 12.Nd2 c5 13.dxc5 Bxc5 14.Nxc4 Rc8 15.Nxa5 Qxa5
16.Qe2 Rc7 17.b3 Bb4 18.Bb2 Bc3 19.Rfc1 Rfc8 20.Bxc3 Rxc3 21.Rxc3 Qxc3 22.Rb1 Qb4
23.Qe1 Qxe1+ 24.Rxe1 Rc7 25.Rd1 Nd7 26.a5 Kf8 27.h3 Ke7 28.g4 Kd8 29.b4 Kc8
30.Rb1 h6 31.Kh2 Nf6 32.b5 Rc5 33.bxa6 bxa6 34.Bb7+ Kc7 35.Bxa6 Rxa5 36.Bb7 Nd5
37.Kg3 Ra7 38.Bxd5 exd5 39.Rd1 Kc6 40.f4 Ra3 41.Kf3 Kd6 42.h4 g6 43.Rb1 d4
44.Ke4 dxe3 45.Rb6+ Kc5 46.Rb2 e2 47.Rxe2 Rh3 48.Ke5 Rxh4 49.Rc2+ Kb6 50.Rg2 h5
51.g5 Kc7 52.Rf2 Kd7 53.Kf6 Ke8 54.Kg7 Rg4 55.Re2+ Kd7 56.Kxf7 Rxf4+ 57.Kxg6 h4
58.Kh6 h3 59.Rh2 Ke7 60.Rxh3 Ra4 61.g6 Rg4 62.g7  1-0

[Event "39th Rilton Cup"]
[Site "Stockholm SWE"]
[Date "2009.12.29"]
[Round "3"]
[White "Andersen,Mad"]
[Black "Kiuttu,R"]
[Result "1/2-1/2"]
[WhiteElo "2294"]
[BlackElo "2194"]

1.d4 d5 2.c4 e6 3.Nf3 Nf6 4.g3 Be7 5.Bg2 O-O 6.O-O dxc4 7.Qc2 a6 8.Qxc4 b5
9.Qc2 Bb7 10.Bd2 Be4 11.Qc1 Nbd7 12.Ba5 Rc8 13.Nbd2 Ba8 14.a3 Nb6 15.b4 Ne4
16.e3 Nxd2 17.Nxd2 Bxg2 18.Kxg2 Qd5+ 19.Kg1 e5 20.dxe5 Qxe5 21.Ra2 c5 22.Bxb6 Qe6
23.Rc2 Qxb6 24.Ne4 c4 25.Nc3 Rfd8 26.Rd1 Qe6 27.Rcd2 Rxd2 28.Qxd2 g6 29.Nd5 Bf6
30.Qc2 Bg7 31.e4 h5 32.h4 Kh7 33.Kg2 Qe5 34.Rd2  1/2-1/2

[Event "26th Open"]
[Site "Boeblingen GER"]
[Date "2009.12.30"]
[Round "8"]
[White "Abel,D"]
[Black "Nabavi,P"]
[Result "1-0"]
[WhiteElo "2380"]
[BlackElo "2219"]

1.d4 d5 2.c4 e6 3.Nf3 Nf6 4.g3 Be7 5.Bg2 O-O 6.O-O dxc4 7.Qc2 a6 8.Qxc4 b5
9.Qc2 Bb7 10.Bd2 Be4 11.Qc1 Nbd7 12.Ba5 Ra7 13.Nbd2 Ba8 14.Qc2 Qb8 15.b4 Nd5
16.a3 f5 17.e4 fxe4 18.Nxe4 h6 19.Qe2 Qe8 20.Nc5 Bd6 21.Rac1 Rf6 22.Rfe1 Nf8
23.Nd2 Rf7 24.Nde4 Bc6 25.Rc2 Re7 26.f4 Bd7 27.Rec1 Bxc5 28.Nxc5 Nb6 29.Bxb6 cxb6
30.Nd3 Qd8 31.Qe5 Be8 32.Rc8 Qd7 33.Be4 Bh5 34.Qxh5  1-0

[Event "39th Rilton Cup"]
[Site "Stockholm SWE"]
[Date "2009.12.30"]
[Round "4"]
[White "Angskog,K"]
[Black "Koskela,N"]
[Result "1-0"]
[WhiteElo "2229"]
[BlackElo "2189"]

1.Nf3 Nf6 2.c4 e6 3.g3 d5 4.Bg2 Be7 5.d4 O-O 6.O-O dxc4 7.Qa4 a6 8.Qxc4 b5
9.Qc2 Bb7 10.Bd2 Be4 11.Qc1 Nbd7 12.Ba5 Rc8 13.Nbd2 Ba8 14.Qc2 Qe8 15.b4 Nd5
16.a3 f5 17.Rac1 Qh5 18.h3 Rce8 19.Qd3 N7b6 20.Ne5 Bd6 21.Ndf3 Nf6 22.Bxb6 cxb6
23.Nc6 Nd5 24.Nfe5 Bxc6 25.Rxc6 Bxe5 26.dxe5 Rd8 27.Rd1 Qe8 28.Rxe6 Qxe6
29.Bxd5 Rxd5 30.Qxd5 Qxd5 31.Rxd5 Rc8 32.f4 Rc3 33.Rd3 Rc1+ 34.Kf2 a5 35.Kf3 Rf1+
36.Kg2 Rb1 37.Rd4 Rb3 38.Rd3 Rb2 39.bxa5 bxa5 40.Kf3 Kf7 41.e4 fxe4+ 42.Kxe4 Ke7
43.f5 b4 44.axb4 Rxb4+ 45.Rd4 Rb3 46.Kf4 Rb7 47.g4 Ra7 48.Ra4 Kd7 49.g5 Ra6
50.e6+ Kd6 51.Re4 Ke7 52.f6+ gxf6 53.gxf6+ Ke8 54.Kg5 a4 55.Kh6 a3 56.Kg7 Ra8
57.e7  1-0

[Event "Christamas Open Masters"]
[Site "Zurich SUI"]
[Date "2009.12.30"]
[Round "7"]
[White "Haas,Ca"]
[Black "Potterat,M"]
[Result "1-0"]
[WhiteElo "2232"]
[BlackElo "2155"]

1.c4 e6 2.Nf3 d5 3.d4 Nf6 4.g3 Be7 5.Bg2 O-O 6.Nbd2 c6 7.O-O Nbd7 8.Qc2 b5
9.b3 a5 10.a4 bxc4 11.bxc4 Ba6 12.Rd1 Qc8 13.Bf1 c5 14.Ba3 Re8 15.e4 dxe4
16.Nxe4 Nxe4 17.Qxe4 Nf6 18.Qf4 cxd4 19.Bxe7 Rxe7 20.Nxd4 Bb7 21.Qe3 e5 22.Nf3 Qc6
23.Bg2 Qxc4 24.Nxe5 Qe6 25.Bxb7 Rxb7 26.Qf3 Qb3 27.Rd3 Qb2 28.Rad1 Re8 29.Nc4  1-0

[Event "85th Masters"]
[Site "Hastings ENG"]
[Date "2009.12.31"]
[Round "4"]
[White "Greet,A"]
[Black "Almond,R"]
[Result "1-0"]
[WhiteElo "2423"]
[BlackElo "2174"]

1.d4 d5 2.c4 e6 3.Nf3 Nf6 4.g3 Be7 5.Bg2 O-O 6.O-O Nbd7 7.Qc2 c6 8.Nbd2 b6
9.e4 Bb7 10.e5 Ne8 11.cxd5 cxd5 12.Re1 Rc8 13.Qa4 Nc7 14.Bf1 a6 15.Bd3 Re8
16.h4 Nf8 17.Nf1 b5 18.Qd1 Na8 19.Ng5 f6 20.exf6 Bxf6 21.Qh5 g6 22.Qg4 Qd7
23.Nh2 h5 24.Qf4 Qg7 25.Nhf3 Nb6 26.b3 Nbd7 27.Bb2 Rc6 28.Re3 Nh7 29.Rae1 Bxg5
30.hxg5 Qf7 31.Nh4 Nhf8 32.Ng2 Nh7 33.Qxf7+ Kxf7 34.Nf4 Ndf8 35.Re5 Rec8
36.Nxd5 exd5 37.Re7+ Kg8 38.Rxb7 Nxg5 39.Ree7 Nge6 40.Ba3 R8c7 41.Rexc7 Nxc7
42.Rb8 Ne6 43.Bxg6 h4 44.Be4 Kg7 45.Bxd5 Rc2 46.Rb7+ Rc7 47.gxh4  1-0

[Event "22nd Open"]
[Site "Staufer GER"]
[Date "2010.01.02"]
[Round "1"]
[White "Pribyl,Jo"]
[Black "Kvetny,M"]
[Result "1-0"]
[WhiteElo "2344"]
[BlackElo "1880"]

1.d4 Nf6 2.Nf3 e6 3.g3 d5 4.Bg2 Be7 5.c4 O-O 6.O-O dxc4 7.Qa4 a6 8.Qxc4 b5
9.Qc2 Bb7 10.Bf4 Nc6 11.Rd1 Nb4 12.Qc1 Qc8 13.Nbd2 c5 14.a3 Nbd5 15.dxc5 Qxc5
16.Qxc5 Bxc5 17.Be5 Ng4 18.Bd4 Bxd4 19.Nxd4 Rac8 20.Rac1 Rfd8 21.N2b3 Rxc1
22.Rxc1 Rc8 23.Rxc8+ Bxc8 24.Nc6 Kf8 25.Nc5 Nb6 26.Na7 Nd7 27.Nd3 Nb6 28.Nxc8 Nxc8
29.Bb7 Nd6 30.Bxa6 Nf6 31.b3 Nd5 32.a4 Nc3 33.axb5 Nxe2+ 34.Kf1 Nd4 35.b6 Ke7
36.Nc5 Nc6 37.Ke2 e5 38.Kd2 h5 39.h4 Nf5 40.Bc4 Nfd4 41.Na6 Na5 42.Kc3 f6
43.Bd5 Kd6 44.b7  1-0

[Event "39th Rilton Cup"]
[Site "Stockholm SWE"]
[Date "2010.01.03"]
[Round "7"]
[White "Berczes,D"]
[Black "Glimbrant,T"]
[Result "1-0"]
[WhiteElo "2512"]
[BlackElo "2263"]

1.d4 e6 2.c4 Nf6 3.Nf3 d5 4.g3 Be7 5.Bg2 O-O 6.O-O b6 7.cxd5 exd5 8.Nc3 Bb7
9.Bf4 Na6 10.Ne5 c5 11.dxc5 Nxc5 12.Nf3 Re8 13.Rc1 Nfe4 14.Nb5 Ne6 15.Nc7 Nxc7
16.Bxc7 Qd7 17.Be5 Ba6 18.Rc7 Qe6 19.Bf4 Bc5 20.Ng5 Nxg5 21.Bxg5 Bxe2 22.Qxd5 Bxf1
23.Qxe6 Rxe6 24.Bxa8 Bh3 25.Be3 h6 26.Bg2 Bxg2 27.Kxg2 Bxe3 28.fxe3 Rxe3
29.Kf2 Re5 30.Rxa7 Rc5 31.Re7 Rc1 32.Kf3 Rf1+ 33.Kg2 Rb1 34.Re2 f5 35.Kf3 Kf7
36.Rc2 Rf1+ 37.Ke3 Re1+ 38.Kf4 g6 39.Rc7+ Kf6 40.Rc6+ Re6 41.Rxe6+ Kxe6 42.h4 b5
43.a3 Kf6 44.h5 g5+ 45.Ke3 Ke5 46.b3 Kd5 47.a4 bxa4 48.bxa4 Kc4 49.a5 Kb5
50.Kd4 Kxa5 51.Ke5 f4 52.gxf4 g4 53.Ke4 Kb5 54.Ke3 Kc5 55.Kf2 Kd5 56.Kg3 Ke6
57.Kxg4 Kf6 58.Kf3 Kf5 59.Ke3 Kf6 60.Ke4 Ke6 61.f5+ Kf6 62.Kf4 Kf7 63.Ke5 Ke7
64.f6+ Kf8 65.Kf4 Ke8 66.Ke4 Kf8 67.Ke5 Ke8 68.Ke6  1-0

[Event "ch-NZL"]
[Site "Auckland NZL"]
[Date "2010.01.04"]
[Round "3"]
[White "Lim,B"]
[Black "Smith,Ro"]
[Result "0-1"]
[WhiteElo "2075"]
[BlackElo "2289"]

1.Nf3 Nf6 2.c4 e6 3.g3 d5 4.d4 Be7 5.Bg2 O-O 6.cxd5 exd5 7.O-O c6 8.Nc3 Nbd7
9.a3 Re8 10.b4 a6 11.Qb3 Bd6 12.a4 Qe7 13.Ba3 Ne4 14.e3 Ndf6 15.Ne2 Bg4 16.Ra2 Qd7
17.Ne5 Bxe5 18.dxe5 Bxe2 19.Rxe2 Rxe5 20.f3 Nd6 21.Bb2 Ree8 22.Rd2 Qe7 23.Bd4 Nc4
24.Re2 b6 25.Rfe1 a5 26.b5 c5 27.Ba1 Ne5 28.Qc3 Rad8 29.Qc2 Ned7 30.Qf5 Qe6
31.Qc2 Re7 32.g4 h6 33.Bh3 Qd6 34.Rd1 Rde8 35.Qd2 Ne5 36.Bxe5 Qxe5 37.Rde1 Qc7
38.Bg2 d4 39.e4 g5 40.h4 Qf4 41.Kf2 Qxd2 42.Rxd2 Nd5 43.Bf1 Nc3 44.Ra1 h5
45.Bh3 hxg4 46.Bxg4 gxh4 47.Bf5 Kg7 48.Rh1 Rh8 49.Ke1 Nxa4 50.Rg2+ Kf6 51.Kd2 c4
52.f4 Nc5 53.Re2 c3+ 54.Kd1 d3 55.Re3 Ree8 56.Kc1 Rd8 57.Bg4 Rd4 58.Bf3 Rg8
59.e5+ Ke7 60.f5 Rg3 61.Rd1 Nb3+  0-1

[Event "39th Rilton Cup"]
[Site "Stockholm SWE"]
[Date "2010.01.04"]
[Round "8"]
[White "Jacobsen,Bo"]
[Black "Berczes,D"]
[Result "0-1"]
[WhiteElo "2306"]
[BlackElo "2512"]

1.c4 e6 2.g3 Nf6 3.Bg2 d5 4.Nf3 Be7 5.d4 O-O 6.Qc2 b6 7.O-O c6 8.Nbd2 Ba6
9.Rd1 Nbd7 10.b3 Rc8 11.e4 Qc7 12.Bb2 Qb8 13.Re1 Rfd8 14.Rac1 Ne8 15.h4 Nc7
16.exd5 cxd5 17.Qd3 dxc4 18.Nxc4 Nd5 19.Ng5 Nf8 20.Qf3 Bxg5 21.hxg5 Ng6 22.Qh5 Nde7
23.Ne3 Bb7 24.Rxc8 Qxc8 25.Bh3 Qc6 26.d5 Nxd5 27.Rc1 Qd7 28.Ng4 Ndf4 29.gxf4 Qd2
30.Rb1 Qc2 31.Bxg7 Qxb1+ 32.Bf1 Kxg7 33.Qh6+ Kh8 34.Nf6 Nxf4 35.Ne4 Qxf1+  0-1

[Event "52nd It"]
[Site "Reggio Emilia ITA"]
[Date "2010.01.05"]
[Round "8"]
[White "Almasi,Z"]
[Black "Vocaturo,D"]
[Result "1-0"]
[WhiteElo "2704"]
[BlackElo "2500"]

1.Nf3 Nf6 2.c4 e6 3.g3 d5 4.d4 Be7 5.Bg2 O-O 6.O-O b6 7.cxd5 exd5 8.Nc3 Bb7
9.Ne5 Na6 10.Bf4 c5 11.Rc1 Rb8 12.Nb5 Qe8 13.a4 Ra8 14.e3 Ne4 15.h4 f6 16.Nf3 h6
17.Nd2 Rd8 18.dxc5 Bxc5 19.Nb3 g5 20.hxg5 fxg5 21.Nxc5 bxc5 22.Bc7 Nxc7 23.Nxc7 Qe5
24.Nb5 Qxb2 25.Qh5 Qf6 26.Bxe4 dxe4 27.Rxc5 Rd2 28.Qh2 Rfd8 29.g4 Rd1 30.Nd4 Rxf1+
31.Kxf1 Ba6+ 32.Kg1 Qb6 33.Qe5 Bc8 34.Rc6  1-0

[Event "22nd Open"]
[Site "Staufer GER"]
[Date "2010.01.05"]
[Round "9"]
[White "Andraschko,F"]
[Black "Schechter,D"]
[Result "0-1"]
[WhiteElo "2063"]
[BlackElo "2187"]

1.d4 d5 2.Nf3 Nf6 3.c4 e6 4.g3 Be7 5.Bg2 O-O 6.O-O c6 7.Qc2 Nbd7 8.Nbd2 b6
9.e4 Bb7 10.e5 Ne8 11.cxd5 cxd5 12.Re1 Rc8 13.Qa4 Bc6 14.Qb3 b5 15.Bf1 Qb6
16.Bd3 b4 17.h4 Bb5 18.Bb1 a5 19.Nf1 a4 20.Qd1 Bxf1 21.Kxf1 Qa7 22.Qd3 g6
23.Bh6 Ng7 24.h5 Rfe8 25.hxg6 hxg6 26.Kg2 Nf5 27.Rh1 Nxh6 28.Rxh6 Bf8 29.Rh4 Bg7
30.Qd2 Rb8 31.Nh2 Rb7 32.Ng4 Kf8 33.Bxg6 fxg6 34.Qf4+ Kg8 35.Nf6+ Nxf6 36.exf6 Rf7
37.Rah1 Rxf6 38.Rh8+ Bxh8 39.Rxh8+ Kxh8 40.Qxf6+ Qg7 41.Qh4+ Kg8  0-1

[Event "ch-NZL"]
[Site "Auckland NZL"]
[Date "2010.01.08"]
[Round "7"]
[White "Steffenello,L"]
[Black "Thornton,G"]
[Result "1/2-1/2"]
[WhiteElo "2184"]
[BlackElo "2167"]

1.d4 Nf6 2.c4 e6 3.g3 d5 4.Bg2 Be7 5.Nf3 O-O 6.O-O dxc4 7.Ne5 Nc6 8.Nxc6 bxc6
9.Na3 Rb8 10.Nxc4 c5 11.Na5 Bd7 12.Nb7 Qe8 13.Nxc5 Bc6 14.Qc2 Bxg2 15.Kxg2 Qc6+
16.Kg1 e5 17.dxe5 Nd5 18.b4 Nxb4 19.Qe4 Bxc5 20.Qxc6 Nxc6 21.Bf4 Nd4 22.e3 Ne2+
23.Kg2 Nxf4+ 24.gxf4 Rb2 25.Kf3 Rd8 26.Rfd1 Rdd2 27.Rxd2 Rxd2 28.Rb1 Rxa2
29.Rb8+ Bf8 30.f5 Ra6 31.Rc8 c5 32.Ke4 Rb6 33.Kd5 Rb7 34.f4 a5 35.Ra8 Rc7
36.Kc4 h5 37.Rxa5 Kh7 38.Ra6 h4 39.e4 Rd7 40.Ra8 Be7 41.Re8 h3 42.e6 fxe6
43.fxe6 Ra7 44.f5 g5 45.e5 Kg7 46.Kd5 g4 47.f6+ Bxf6 48.exf6+ Kxf6 49.Rf8+ Kg6
50.Rf4 Kg5 51.Rf8 Rg7 52.Kxc5 g3 53.hxg3 Rh7 54.Rf1 h2 55.Rh1 Kg4  1/2-1/2

[Event "ch-POL"]
[Site "Warsaw POL"]
[Date "2010.01.09"]
[Round "1"]
[White "Miton,K"]
[Black "Bulski,K"]
[Result "1-0"]
[WhiteElo "2586"]
[BlackElo "2416"]

1.d4 Nf6 2.c4 e6 3.g3 d5 4.Bg2 Be7 5.Nf3 O-O 6.O-O dxc4 7.Qc2 a6 8.a4 Bd7
9.Qxc4 Bc6 10.Bf4 Nbd7 11.Nc3 Rc8 12.Rfd1 Nb6 13.Qb3 Nbd5 14.Bg5 Nd7 15.Bd2 Nxc3
16.bxc3 b6 17.c4 Bf6 18.Bc3 Rb8 19.Qc2 Qe7 20.e4 e5 21.d5 Bb7 22.a5 Qd6 23.Rdb1 Rfe8
24.Bb4 c5 25.Bc3 bxa5 26.Bxa5 Ba8 27.Bc3 Nf8 28.Ne1 Be7 29.Nd3 f6 30.Qa4 Rec8
31.Bh3 Rxb1+ 32.Rxb1 Rb8 33.Rxb8 Qxb8 34.Qxa6 Qb3 35.Qxa8 Qxc3 36.Bf1 Kf7
37.Qa7 Qd4 38.Nc1 Ng6 39.h3 h5 40.h4 Nf8 41.Nb3 Qd1 42.Na5  1-0

[Event "ch-NZL"]
[Site "Auckland NZL"]
[Date "2010.01.11"]
[Round "10"]
[White "Nyberg,M"]
[Black "Davis,J"]
[Result "0-1"]
[WhiteElo "1955"]
[BlackElo "1939"]

1.d4 d5 2.c4 e6 3.Nf3 Nf6 4.g3 Be7 5.Bg2 O-O 6.cxd5 exd5 7.O-O c6 8.Nc3 Bf5
9.Ne5 Nbd7 10.Nd3 Qb6 11.e3 Rfe8 12.a3 Ne4 13.Re1 Qa6 14.Nf4 Nxc3 15.bxc3 Bd6
16.Bf1 Qb6 17.Nd3 Qc7 18.Bd2 Nf6 19.Nf4 Bxf4 20.exf4 Rxe1 21.Bxe1 Qd7 22.f3 Bh3
23.Bd3 Bf5 24.Rb1 Bxd3 25.Qxd3 Re8 26.Bf2 b5 27.a4 a6 28.Ra1 Qb7 29.axb5 axb5
30.Qf5 Qc8 31.Qd3 Nd7 32.f5 f6 33.g4 Qd8 34.Ra7 Nb6 35.Bg3 Re7 36.Ra6 Nc4
37.Bf2 Qe8 38.Ra2 h6 39.h3 Qb8 40.Kg2 Qf4 41.Re2 Qd6 42.Bg3 Qa3 43.Rxe7 Qxe7
44.Bf4 Qe1 45.h4 Nb2 46.Qc2 Nd1 47.Qd2 Qxd2+ 48.Bxd2 Nb2 49.Kf1 Nc4 50.Bc1 Kf7
51.f4 Ke7 52.Ke2 Kd6 53.Kd3 Kc7 54.h5 Kb6 55.g5 Ka5 56.g6 Nd6 57.Ba3 Nxf5
58.Bf8 Ka4 59.Kc2 b4 60.cxb4 Nxd4+ 61.Kd3 Ne6 62.Bd6 f5 63.Kc3 Kb5 64.Kd3 d4
65.Be5 Kxb4 66.Bxd4 Nxd4 67.Kxd4 c5+ 68.Ke5 c4 69.Ke6 c3 70.Kf7 c2 71.Kxg7 c1=Q
72.Kh7 Qxf4 73.g7 Qg5 74.g8=Q Qxg8+ 75.Kxg8 f4 76.Kg7 f3 77.Kxh6 f2 78.Kg7 f1=Q
79.h6 Qg2+ 80.Kh8 Qa8+ 81.Kg7 Qb7+ 82.Kg8 Qc8+ 83.Kg7 Qd7+ 84.Kg8 Qd8+ 85.Kg7 Qg5+
86.Kh7 Kc5  0-1

[Event "Open"]
[Site "Prague CZE"]
[Date "2010.01.12"]
[Round "5"]
[White "Grabarczyk,M"]
[Black "Golubka,P"]
[Result "1/2-1/2"]
[WhiteElo "2475"]
[BlackElo "2336"]

1.d4 Nf6 2.c4 e6 3.g3 d5 4.Nf3 Be7 5.Bg2 O-O 6.O-O c5 7.cxd5 exd5 8.Nc3 Nc6
9.Bg5 cxd4 10.Nxd4 h6 11.Be3 Re8 12.Rc1 Bg4 13.h3 Be6 14.Nxc6 bxc6 15.Na4 Qd7
16.Kh2 Ne4 17.Bc5 Nxc5 18.Nxc5 Qd6 19.Qc2 Qxc5 20.Qxc5 Bxc5 21.Rxc5 Bd7 22.e3 Reb8
23.b3 a5 24.e4 dxe4 25.Bxe4 a4 26.Bc2 Rb5 27.Rc3 axb3 28.Bxb3 Be6 29.Bxe6 fxe6
30.Rxc6 Rxa2 31.Rxe6 Rab2 32.Ree1 h5 33.Kg2 Kf7 34.Rc1 Re5 35.Rc3 Rbb5 36.g4 hxg4
37.hxg4 Rec5 38.Rf3+ Kg6 39.Kg3 Rb6 40.Ra1 Rbb5 41.Raa3 Rb1 42.Kg2 Rc4 43.Rg3 Rb2
44.Raf3 Rb1 45.Rc3 Rf4 46.f3 Rb2+ 47.Kh3 Rf2 48.g5 Kh5 49.Rg1  1/2-1/2